Breaking Bad trivia #2 - Statistics

General Stats
  • This quiz has been taken 56 times
  • The average score is 11 of 15
Answer Stats
Hint Answer % Correct
Who was the first person to try blue meth Tuco Salamanca
96%
Who was Hank Schrader's partner Steven Gomez
86%
Andrea´s son name is ... Brock
82%
Gustavo Fring is originally from ... Chile
82%
In last episode "Felina" what was in Lydia´s stevia Ricin
82%
Ted´s surname is Beneke
78%
Tomas killed one of Jesse´s friend what was his street name Combo
76%
Gray Matter Technologies was found by Walter White and ... Elliot Schwartz
76%
Wife of character above Gretchen Schwartz
70%
Todd´s uncle name is ... Jack Welker
70%
"Last chance to look at me ..." Hector
68%
Who was supposed to kill Hank Schrander at time 3:08 Salamanca Twins
64%
Who was killed by ATM Spooge
56%
What car was Walter White driving in early episodes Pontiac Aztek
52%
What were Jesse, Walt and Todd robbing in episode "Dead Freight" Methylamine
40%
No matching quizzes found
Score Distribution
Percent of People with Each Score
Percentile by Number Answered
Your Score History
You have not taken this quiz